[Event "Peace Tournament 2018"]
[Site "Zagreb"]
[Date "2018.11.09"]
[Round "2.4"]
[White "Adhiban, B.."]
[Black "Stevic, Hrvoje"]
[Result "1/2-1/2"]
[WhiteElo "2682"]
[BlackElo "2589"]
[Annotator "TA"]
[PlyCount "202"]
[EventDate "2018.11.12"]
[EventType "tourn"]
[EventCountry "CRO"]
[SourceTitle "playchess.com"]
[Source "ChessBase"]
[SourceQuality "1"]

{[%evp 9,202,0,8,5,6,0,13,12,15,-7,5,0,-2,-8,0,0,0,0,0,0,0,0,5,-31,-34,-45,-39,-94,-102,-103,-107,-118,-97,-118,-78,-100,-73,-92,-82,-104,-25,-23,-22,-22,-22,-22,-22,-31,-29,-18,-19,-25,-8,-62,0,-41,0,-63,-64,-121,-121,-122,-36,-43,0,-123,-123,-181,-177,-177,-168,-113,0,-173,-170,-170,-164,-152,-152,-378,-378,-347,-334,-339,-52,-302,-52,-52,-44,-43,-43,-44,-31,-44,0,-31,-25,-25,-24,-24,-25,-25,-25,-26,-26,-37,-8,-33,-8,-33,-7,-7,-7,-7,-7,-7,-7,-8,-7,-7,-7,-7,-7,-7,-7,-7,-7,-7,-7,-8,-8,-8,-8,-53,-53,-60,-53,-60,-8,-8,-8,-8,0,-8,0,-12,-12,-12,-8,-8,-8,-8,-8,-8,-8,-8,-8,-15,-8,-8,-8,-8,-8,-8,-8,-8,-8,-8,-8,-8,-8,-8,0,0,0,-8,-8,-8,0,0,0,-8,0,0,0,0,0,0,0,0,0,0,0,-8,-8]} 1. e4 e5 2. Nf3 Nc6 3. Bb5 a6 4. Ba4 Nf6 5. Nc3 Bb4 {LiveBook: 6 Games} 6. O-O {C77: Ruy Lopez: 3...a6 4 Ba4 Nf6, unusual lines} O-O 7. d3 (7. Nd5 Bd6 8. Re1 Nxd5 9. exd5 b5 10. dxc6 bxa4 11. Nxe5 dxc6 12. d4 Qh4 13. c3 Be6 14. Qxa4 Bd5 15. Qd1 Rfe8 16. Bd2 Bxe5 17. dxe5 {1-0 (41) Short,N (2684)-Werle,J (2575) London 2009}) 7... Bxc3 8. bxc3 d6 9. Nd2 $146 ({Predecessor:} 9. Bg5 Qe7 10. h3 Nd8 11. Bb3 Ne6 12. Be3 Nc5 13. Nd2 a5 {1-0 (35) Grinberg,E (2448)-Ben Artzi,I (2390) Israel 2018}) 9... Re8 (9... b5 $5 10. Bb3 $8 Bg4 $11) 10. c4 Bd7 11. f4 Nd4 {[%cal Bc6d4,Bd4e6,Be6c5,Bc5d7][%mdl 32]} 12. Bxd7 Qxd7 13. c3 Ne6 $36 {[%mdl 2048] Black has the initiative.} 14. f5 $1 {[%cal Rf5e6]} Nc5 15. Nb3 b5 16. cxb5 axb5 17. Bg5 Qc6 18. Qd2 (18. Bxf6 $15 gxf6 19. Kh1) 18... Ncd7 $17 19. Rac1 Ra4 20. Rc2 d5 21. exd5 Qxd5 22. h3 Rea8 23. Rd1 h6 24. Be3 c5 (24... Qd6 $17 25. Qf2 Nd5) 25. c4 $1 $11 {[%cal Rc4d5]} bxc4 26. dxc4 Rxc4 27. Qxd5 Nxd5 28. Rxc4 Nxe3 29. Rxd7 Nxc4 30. Nxc5 Rxa2 {[%mdl 4096] Endgame KRN-KRN} 31. g4 (31. Rd8+ $11 Kh7 32. g4) 31... Nd2 ({Black should try} 31... Kf8 $15) 32. Rd8+ Kh7 33. Rd7 (33. Nd7 $11 Nf3+ 34. Kf1) 33... Rc2 $15 34. Nd3 (34. Nb7 $15) 34... Nf3+ $17 35. Kf1 Nh2+ ({Black should play} 35... e4 $17 36. Nb4 Rh2) 36. Ke1 $15 Nf3+ ({Better is} 36... f6 $15) 37. Kf1 $17 e4 {[%cal Be5e4,Be4e3][%mdl 32]} 38. Nf4 (38. Nb4 $17 {was called for.} Rh2 39. Nd5) 38... e3 $19 {[%csl Ge3][%cal Rc2f2]} 39. Ne2 Nh2+ 40. Ke1 Nf3+ (40... Ra2 $17 {...Ra1+ is the strong threat.} 41. Rc7 h5 $1 {[%mdl 512]} 42. gxh5 Nf3+ 43. Kf1 Kh6) 41. Kf1 $1 Ra2 42. Rc7 {[#]} h5 $1 {[%mdl 512]} 43. gxh5 Kh6 44. Rxf7 $2 (44. Rc3 $17) 44... Nh2+ 45. Ke1 Ra1+ ({And not} 45... Kxh5 46. Nd4 $11) 46. Nc1 Rxc1+ {KRN-KR} 47. Ke2 {[#]} Rc2+ $2 (47... Rc6 $1 $19 {Threatens to win with ...Rf6.} 48. Kxe3 Nf1+ 49. Kf4 Rf6) 48. Kxe3 $15 Nf1+ 49. Kf4 Rf2+ 50. Ke5 Re2+ 51. Kf4 Rf2+ 52. Ke5 Ng3 (52... Nd2 $5 53. f6 $8 Nf3+ 54. Kd5 Rd2+ 55. Kc5 g6 $11) 53. f6 $1 Re2+ 54. Kd5 Nxh5 55. fxg7 Nxg7 56. h4 Kg6 57. Rf4 Nf5 58. Re4 Rh2 59. Ke5 Nxh4 60. Rg4+ Kf7 61. Rf4+ Kg7 {And now ...Ng6+ would win.} 62. Rg4+ (62. Rf1 {seems wilder.} Kh6 63. Kd4 Rd2+ 64. Kc3 Rd8 65. Ra1) 62... Ng6+ 63. Ke4 Kf6 64. Rg1 Rh4+ 65. Kd5 $1 Nf4+ 66. Kd6 Rh2 67. Rd1 Kf5 68. Rf1 Rd2+ 69. Ke7 Rd3 70. Rf2 Ke5 71. Rf1 Nd5+ 72. Kf7 Ra3 73. Re1+ Kf5 (73... Kd6 $1 $15) 74. Rf1+ $11 {The position is equal.} Nf4 75. Ke7 Rd3 76. Rf2 Ke5 77. Rf1 $1 Ng6+ 78. Kf7 Nh4 79. Re1+ Kf5 80. Rf1+ Nf3 81. Ke7 Ke5 82. Ra1 Rd5 83. Ra3 Nd4 84. Re3+ Kf5 85. Rc3 Ra5 86. Rh3 Ra6 87. Re3 Ne6 88. Kd7 Nc5+ 89. Kc7 Ne4 90. Rb3 Ra1 91. Kc6 Ke5 92. Rb5+ Ke6 93. Rh5 Rc1+ 94. Kb5 Nf6 95. Rc5 Rb1+ 96. Kc4 {[#]} Nd5 $1 {[%mdl 512]} 97. Ra5 (97. Rxd5 Rc1+) 97... Rc1+ 98. Kd4 Rd1+ 99. Ke4 Nc3+ 100. Ke3 Rd5 101. Rxd5 Nxd5+ {Precision: White = 63%, Black = 52%.} 1/2-1/2

[Event "Peace Tournament 2018"]
[Site "Zagreb"]
[Date "2018.11.09"]
[Round "2.5"]
[White "Cheparinov, Ivan"]
[Black "Kozul, Zdenko"]
[Result "1-0"]
[WhiteElo "2711"]
[BlackElo "2612"]
[Annotator "TA"]
[PlyCount "115"]
[EventDate "2018.11.12"]
[EventType "tourn"]
[EventCountry "CRO"]
[SourceTitle "playchess.com"]
[Source "ChessBase"]
[SourceQuality "1"]

{[%evp 20,115,90,95,93,92,89,64,102,93,96,100,99,100,103,81,92,78,93,84,84,76,95,84,88,75,100,79,73,74,88,80,137,136,137,133,169,151,168,162,170,175,220,222,233,225,227,179,175,175,159,156,200,200,199,198,216,203,224,224,231,232,232,236,243,238,234,234,249,226,226,226,261,241,230,226,226,226,226,233,233,226,226,226,226,233,1110,1045,994,951,1966,1966,1966,1890,1648,1393,1269,1213]} 1. d4 Nf6 2. c4 g6 3. Nc3 Bg7 4. e4 d6 5. Nf3 O-O 6. Be2 e5 7. O-O Nbd7 8. Be3 c6 9. d5 c5 10. Bg5 {E94: King's Indian: Classical: 6 Be2 e5 7 0-0: Various Black 7th moves} (10. Ne1 Ne8 11. g4 f5 12. gxf5 gxf5 13. exf5 Nb6 14. Kh1 Bxf5 15. Nf3 Nf6 16. Ng5 Qd7 17. Rg1 Rae8 18. Rg3 Kh8 19. Qd2 Na4 20. Nxa4 Qxa4 {½-½ (33) Mchedlishvili,M (2603)-Bortnyk,O (2610) Riadh 2017}) 10... h6 11. Bd2 {LiveBook: 3 Games} a6 12. Qc1 $146 {White is better.} ({Predecessor:} 12. a3 Ne8 13. Qc1 Kh7 14. Ne1 Rb8 15. Rb1 b6 16. b4 f5 17. f3 h5 18. Nd3 f4 19. a4 Bf6 20. a5 bxa5 21. bxc5 Rxb1 22. Qxb1 dxc5 23. Na4 Nd6 24. Re1 Nb7 {½-½ (23) Nannelli,P-De Santis,A (2235) Montecatini Terme 1994}) 12... Kh7 13. Ne1 {[%cal Bf3e1,Be1c2,Bc2e3][%mdl 32]} Qe7 14. Nc2 Ng8 15. Ne3 h5 16. a3 Bh6 17. b4 a5 18. Nb5 b6 19. bxa5 bxa5 20. Rb1 Ndf6 21. Nc3 Ba6 22. Qc2 Nd7 23. Rb2 Rfb8 24. Rfb1 Qd8 25. Rxb8 Rxb8 (25... Nxb8 $142 26. Nb5 Nf6) 26. Rxb8 $16 Qxb8 27. Ncd1 Qb6 28. Qa4 Ngf6 29. Bd3 ({Don't take} 29. Bxa5 Qb1 $16) 29... Bc8 30. Qxa5 Bxe3 31. Nxe3 Qb3 32. Qc3 Qa2 33. Bc1 Nb6 34. Qb2 Qxb2 35. Bxb2 Na4 36. Bc1 Kg7 37. f3 Nd7 38. Kf2 h4 39. Ke1 f6 40. Kd1 Kf7 41. Kc2 Nf8 42. g3 hxg3 43. hxg3 Nd7 44. Bd2 Ndb6 45. Kb3 Ke7 46. f4 {[%cal Bf3f4,Bf4f5][%mdl 32]} Bd7 47. f5 g5 48. Ba5 Be8 49. Be2 Kd8 50. Bd1 Ke7 51. Ka2 Nc8 52. Bb3 Ncb6 $2 {[#]} (52... Bd7 53. Bd1 Nab6) 53. Bxa4 $18 {White is clearly winning.} Nxa4 54. Kb3 Bd7 55. g4 Be8 56. Nf1 Bd7 57. Ng3 Be8 58. Nh5 {Precision: White = 74%, Black = 44%.} 1-0

[Event "Peace Tournament 2018"]
[Site "Zagreb"]
[Date "2018.11.09"]
[Round "2.6"]
[White "Jovanovic, Zoran"]
[Black "Malakhov, Vladimir"]
[Result "0-1"]
[WhiteElo "2537"]
[BlackElo "2654"]
[Annotator "TA"]
[PlyCount "97"]
[EventDate "2018.11.12"]
[EventType "tourn"]
[EventCountry "CRO"]
[SourceTitle "playchess.com"]
[Source "ChessBase"]
[SourceQuality "1"]

{[%evp 17,97,11,8,-14,-3,-25,-25,-25,-25,-25,-25,-25,-25,-23,-25,-25,-24,-29,-25,-27,-24,-29,-24,-53,0,-48,0,0,0,-20,0,-41,-31,-31,-34,-36,-36,-45,-43,-103,-34,-77,-72,-92,-66,-90,-94,-179,-43,-99,-94,-100,-82,-81,-96,-173,-162,-160,-160,-183,-176,-224,-211,-210,-205,-812,-807,-812,-806,-794,-771,-713,-686,-566,-566,-1369,-1402,-1287,-1210,-1872,-1474,-29967]} 1. e4 d6 2. d4 Nf6 3. Nc3 g6 4. Nf3 Bg7 5. Be3 O-O 6. h3 a6 7. Bd3 b5 8. Ne2 {B08: Pirc Defence: Classical System} (8. e5 dxe5 9. dxe5 Nd5 10. Bd2 Bb7 11. Ne4 Nd7 12. e6 f5 13. exd7 fxe4 14. Bxe4 Bxb2 15. O-O Bxa1 16. Qxa1 Qxd7 {½-½ (25) Fressinet,L (2662)-Sethuraman,S (2629) Sharjah 2017}) 8... Bb7 9. Ng3 Nbd7 {LiveBook: 13 Games} 10. a4 {The position is equal.} Nb6 $146 ({Predecessor:} 10... c5 11. c3 cxd4 12. cxd4 e5 13. O-O d5 14. dxe5 Nxe4 15. axb5 axb5 16. Rxa8 Qxa8 {0-1 (34) Stojanovic,A (2302)-Tan,Z (2478) Kazan 2013}) 11. axb5 axb5 12. O-O Nc4 13. Bxc4 bxc4 14. Nd2 d5 15. e5 Nd7 16. f4 e6 17. Nf3 Rxa1 18. Qxa1 Qa8 19. h4 Rb8 20. Qc1 Bc8 ({Better is} 20... Ba6 $15 21. c3 c5 $1 {[%mdl 512]}) 21. c3 Qb7 22. Rf2 {[#]} c5 $1 {[%mdl 512]} 23. h5 (23. dxc5 Bf8) 23... cxd4 24. cxd4 Nb6 25. Bd2 Na4 26. Bc3 Bd7 $36 {[%mdl 2048] Black has good play.} 27. Nh2 Be8 ({Resist} 27... Nxc3 28. bxc3 Qb1 29. Qxb1 $17) 28. Ngf1 (28. hxg6 $15 hxg6 29. Rc2) 28... Qe7 (28... Nxc3 $17 29. bxc3 Qb1 30. Qxb1 Rxb1 31. hxg6 hxg6) 29. g3 gxh5 30. f5 f6 31. exf6 Qxf6 32. Qf4 (32. Ne3 $17 {might work better.}) 32... Rc8 (32... Rb3 $19 33. Qe3 Bf7) 33. Ne3 ({White should play} 33. Nf3 $1 $15) 33... Bh6 34. Qf3 Nxc3 35. bxc3 Bf7 36. fxe6 (36. Qe2 $17) 36... Qxf3 $19 ({But not} 36... Qxe6 37. Nf5 $17) 37. Rxf3 Bxe6 38. Nhf1 {[#]} Rf8 $1 {[%cal Rf8f3]} 39. Kf2 Rxf3+ 40. Kxf3 {[%mdl 4096] Endgame KBB-KNN} Bg5 41. Ng2 $2 (41. Nc2) 41... Bh3 {Black is clearly winning.} 42. Nfe3 Bxg2+ $1 43. Nxg2 {KB-KN} Kf7 44. Ke2 Ke6 45. Ne1 Kf5 46. Nf3 Bd8 47. Ne5 Ba5 48. Kd2 Bc7 49. Nf7 {Precision: White = 45%, Black = 64%.} 0-1

[Event "Peace Tournament 2018"]
[Site "Zagreb"]
[Date "2018.11.14"]
[Round "3.1"]
[White "Malakhov, Vladimir"]
[Black "Ivanchuk, Vassily"]
[Result "1/2-1/2"]
[WhiteElo "2654"]
[BlackElo "2714"]
[Annotator "TA"]
[PlyCount "60"]
[EventDate "2018.11.12"]
[EventType "tourn"]
[EventCountry "CRO"]
[SourceTitle "playchess.com"]
[Source "ChessBase"]
[SourceQuality "1"]

{[%evp 9,60,-10,-11,-56,-43,-50,-41,-33,-30,-56,-45,-81,-71,-87,-85,-79,-52,-55,-45,-53,-59,-48,-50,-52,-57,-57,-12,-18,-11,-11,-10,-12,-10,-14,-12,-16,-12,-11,-8,-25,-12,-12,-7,-10,-9,-8,-8,-9,-6,-7,-7,-14,0]} 1. Nf3 f5 2. d3 Nc6 3. e4 e5 4. Nc3 Bb4 (4... Nf6 5. exf5 d5 6. d4 exd4 7. Nxd4 Nxd4 8. Qxd4 Bxf5 9. Qe5+ Qe7 10. Bf4 c6 11. O-O-O Qxe5 12. Bxe5 {½-½ (25) Karpov,A (2623)-Vaisser,A (2502) Platja d'Aro 2018}) 5. exf5 d5 6. d4 {C40: Latvian and Elephant Gambits} e4 $1 {[%cal Re4f3]} 7. Bg5 Be7 $1 8. Bxe7 {Black is slightly better.} Ngxe7 9. Nh4 Bxf5 $146 ({Much weaker is} 9... Nxf5 $6 10. Qh5+ g6 {[#]} 11. Nxg6 $1 $14 {[%mdl 512]}) ({Predecessor:} 9... O-O 10. g4 g6 11. Qd2 Nxf5 12. Nxf5 gxf5 13. gxf5 Bxf5 {0-1 (65) Dzhumagaliev,Y (2424)-Bocharov,I (2472) Novosibirsk 2015}) 10. Qh5+ g6 11. Qh6 Qd6 12. Bb5 Rf8 13. Bxc6+ Nxc6 14. O-O-O O-O-O 15. f3 exf3 16. Nxf3 Bg4 17. Rhf1 Bxf3 18. Qh3+ Qd7 19. Rxf3 Qxh3 20. Rxh3 Rd7 21. Re3 b6 22. Re2 Rf5 23. Red2 Rdf7 24. Ne2 Rf2 25. Nc3 {The position is equal.} Ne7 26. Re1 {[#] Strongly threatening Rxf2.} Kd7 27. Nd1 Rf1 28. Rde2 {Hoping for Rxe7+!} Rxe1 29. Rxe1 Nf5 30. c3 Re7 {Precision: White = 71%, Black = 77%.} 1/2-1/2

[Event "Peace Tournament 2018"]
[Site "Zagreb"]
[Date "2018.11.14"]
[Round "3.2"]
[White "Kozul, Zdenko"]
[Black "Jovanovic, Zoran"]
[Result "1-0"]
[WhiteElo "2612"]
[BlackElo "2537"]
[Annotator "TA"]
[PlyCount "91"]
[EventDate "2018.11.12"]
[EventType "tourn"]
[EventCountry "CRO"]
[SourceTitle "playchess.com"]
[Source "ChessBase"]
[SourceQuality "1"]

{[%evp 18,91,83,83,107,104,154,164,150,107,227,231,267,313,289,299,424,409,472,472,529,358,364,363,362,329,323,334,344,338,353,350,330,260,500,490,581,563,562,435,524,365,428,435,349,368,357,316,625,624,617,601,526,457,473,465,469,0,460,468,482,451,475,466,450,447,522,462,665,656,667,563,936,925,911,920]} 1. d4 d6 2. Nf3 g6 3. c4 Bg7 4. Nc3 Nf6 5. e4 O-O 6. Be2 e5 7. d5 Na6 8. Nd2 Ne8 9. a3 {E92: King's Indian: Classical: 6 Be2 e5: 7 dxe5, 7 Be3 and Petrosian System without 7...Nbd7} (9. Rb1 f5 10. b4 c5 11. dxc6 bxc6 12. O-O Nac7 13. Nb3 Ne6 14. Bf3 f4 15. c5 Nd4 16. Nxd4 exd4 {1-0 (71) Korobov,A (2652)-Iniyan,P (2466) Villorba 2018}) 9... c5 10. h4 {LiveBook: 3 Games} f5 11. h5 {White is better.} Nf6 12. hxg6 hxg6 13. Nf3 {[%cal Bd2f3,Bf3h4,Bh4g6][%mdl 32]} Nh7 $146 (13... f4 $16 {keeps fighting.}) ({Predecessor:} 13... Nc7 14. Ng5 Qe7 15. Qd3 f4 16. Bd2 a6 {0-1 (34) Larsen,B-Gligoric,S Portoroz 1958}) 14. Nh4 $18 f4 15. Nxg6 Rf6 16. Bh5 Bd7 (16... Nf8 {was called for.}) 17. g3 Nf8 18. Nh4 Rh6 19. Nf5 Bxf5 20. exf5 Qg5 21. g4 Nh7 22. Ne4 Qe7 23. Bd2 Ng5 24. Nxg5 Qxg5 25. Qf3 Nb8 $2 {[#]} (25... Rb8 {is a better defense.} 26. O-O-O b5 27. cxb5 Rxb5) 26. Qb3 Qe7 27. O-O-O Nd7 28. Rde1 Qd8 29. Bg6 {[%cal Bh5g6,Bg6f5,Bf5e6][%mdl 32]} Rxh1 30. Rxh1 {[%cal Be1h1,Bh1h5,Bh5f5][%mdl 32]} b5 31. f6 ({Resist} 31. cxb5 Qg5 $18) 31... Qxf6 32. Bf5 ({Weaker is} 32. Qxb5 Qxg6 33. Qxd7 Rf8 $16) 32... bxc4 $2 (32... Nf8 33. Qxb5 Qe7) 33. Qb7 Nb6 34. Be6+ Kf8 35. Rh5 {[#] Threatening mate with Rf5.} Qe7 36. Rf5+ Bf6 37. Qxe7+ Kxe7 38. g5 {White is clearly winning.} Bxg5 39. Rxg5 Kf6 40. Rf5+ Kg6 41. Rf7 Na4 42. Kc2 a5 (42... Rb8 $142 43. Bc1 a5) 43. Rd7 Rb8 44. Bc1 e4 45. Rxd6 Kg5 46. Rd7 {Precision: White = 70%, Black = 30%.} 1-0

[Event "Peace Tournament 2018"]
[Site "Zagreb"]
[Date "2018.11.14"]
[Round "3.3"]
[White "Stevic, Hrvoje"]
[Black "Cheparinov, Ivan"]
[Result "0-1"]
[WhiteElo "2589"]
[BlackElo "2711"]
[Annotator "TA"]
[PlyCount "94"]
[EventDate "2018.11.12"]
[EventType "tourn"]
[EventCountry "CRO"]
[SourceTitle "playchess.com"]
[Source "ChessBase"]
[SourceQuality "1"]

{[%evp 16,94,29,20,28,0,32,27,37,0,0,-55,-50,-146,-143,-164,-168,-167,-156,-136,-108,-106,-125,-101,-105,-109,-107,-111,-109,-105,-105,-105,-105,-111,-111,-109,-100,-100,-109,-114,-65,-112,-49,-76,-76,-62,-60,-90,-60,-183,-166,-195,-181,-183,-167,-250,-165,-365,-352,-488,-455,-435,-472,-1187,-1158,-1075,0,-415,0,-923,-1056,-1764,-1690,-12841,-12842,-12843,-5718,-12845,-12845,-12848,-12848]} 1. e4 c6 2. d4 d5 3. Nc3 dxe4 4. Nxe4 Nf6 5. Nxf6+ exf6 6. c3 Bd6 7. Bd3 O-O 8. Qc2 Re8+ 9. Be3 {LiveBook: 5 Games} h5 {B15: Caro-Kann: 3 Nc3: 3...g6 and 3...dxe4 4 Nxe4 Nf6 5 Nxf6+ exf6} 10. O-O-O $146 ({Predecessor:} 10. Ne2 h4 11. O-O-O Nd7 12. g3 h3 13. Bh7+ Kh8 14. Bf5 Nf8 15. d5 Qa5 16. Rd4 Kg8 17. Rhd1 {0-1 (46) Arvola,B (2435)-Risting,E (2295) Stavanger 2017}) 10... Qa5 11. Kb1 Be6 {White has an edge.} 12. c4 Na6 {Threatens to win with ...Nb4.} 13. Bd2 ({Wrong is} 13. Bh7+ $2 Kh8 $19) ({White should try} 13. a3 $11) 13... Nb4 $15 14. Qb3 ({White should play} 14. Bxb4 $1 $15 Bxb4 15. Nf3) 14... b5 $1 $36 {[%mdl 2048] White is under strong pressure.} 15. Bxb4 Bxb4 ({Much worse is} 15... Qxb4 $6 16. Qxb4 Bxb4 17. cxb5 $11) 16. Qc2 bxc4 17. Bxc4 Bxc4 18. Qxc4 Rab8 19. Nf3 Ba3 20. b3 Qf5+ 21. Qd3 Qxd3+ 22. Rxd3 Re2 23. Rd2 Rbe8 $1 24. Rhd1 {[#]} Bb4 $1 {[%cal Rb4d2]} 25. Rxe2 Rxe2 {[%mdl 4096] Endgame KRB-KRN} 26. Rc1 Rxf2 27. Rc2 Rxc2 (27... Rf1+ {with more complications.} 28. Kb2 g5 29. a3 Be7 30. Re2 Kf8) 28. Kxc2 {[#] KB-KN} Kf8 (28... g5 $1 $17 29. h3 Kg7) 29. Kd3 $15 Ke7 30. Kc4 a5 31. d5 $1 c5 32. Ng1 (32. h3 $15) 32... Kd6 $19 33. Ne2 g6 {[%cal Bg7g6,Bg6g5][%mdl 32]} 34. Nf4 h4 35. Nd3 (35. Kd3 $142) 35... f5 {[%cal Bf6f5,Bf5f4][%mdl 32]} 36. h3 $2 (36. Nf4 {is a better defense.}) 36... g5 37. Nb2 f4 38. Nd3 f5 39. a4 (39. Nf2 $142 Bd2 40. Nd1) 39... Ba3 40. Kb5 Bb4 (40... Kxd5 $142 {aiming for ...Ke4.} 41. Kxa5 Ke4 42. Nf2+ Ke3 43. Nd1+ Kd2) 41. Kc4 Ba3 (41... Bd2 $142 42. Nxc5 g4 43. hxg4 f3 44. gxf3 Be3) 42. Kb5 Kxd5 {Black is clearly winning.} 43. Kxa5 Kd4 44. Nxf4 gxf4 45. Kb5 Bb4 46. a5 Bxa5 47. Kxa5 c4 {Precision: White = 38%, Black = 77%.} 0-1

[Event "Peace Tournament 2018"]
[Site "Zagreb"]
[Date "2018.11.14"]
[Round "3.4"]
[White "Bacrot, Etienne"]
[Black "Adhiban, B.."]
[Result "1-0"]
[WhiteElo "2677"]
[BlackElo "2682"]
[Annotator "TA"]
[PlyCount "119"]
[EventDate "2018.11.12"]
[EventType "tourn"]
[EventCountry "CRO"]
[SourceTitle "playchess.com"]
[Source "ChessBase"]
[SourceQuality "1"]

{[%evp 18,119,14,8,30,-29,24,14,38,-1,22,0,47,54,41,56,47,49,43,38,52,39,44,0,4,10,22,15,56,56,57,56,46,50,66,73,59,58,56,50,51,54,80,80,80,80,94,92,92,98,116,117,110,117,141,139,141,138,154,154,167,161,164,169,167,165,298,292,1838,1783,29961,29960,29963,29963,29965,29966,29962,29963,29969,29970,29967,29971,29970,29973,29973,29974,29975,29976,29976,29977,29972,29976,29982,29983,29983,29984,29984,29985,29985,29986,29988,29989,29989,29990]} 1. e4 g6 2. d4 Bg7 3. Nf3 d6 4. Bc4 Nf6 5. Qe2 Nc6 6. O-O {B06: Modern Defence} Bg4 7. c3 e5 8. Rd1 O-O 9. h3 Bxf3 10. Qxf3 {LiveBook: 14 Games} Nd7 {[%cal Re5d4]} 11. Qe3 $146 (11. d5 $142 Ne7 12. Qe2) ({Predecessor:} 11. Be3 Qe7 12. Na3 Nb6 13. Bb5 f5 14. Bxc6 bxc6 15. exf5 e4 16. f6 Rxf6 {0-1 (61) Bacrot,E (2718)-Ponomariov,R (2714) Beijing 2014}) 11... Kh8 (11... Nb6 $142 12. Bb5 f5) 12. dxe5 $11 Ncxe5 13. Bf1 f5 14. f4 Nf7 15. exf5 gxf5 16. Qf3 c6 17. Bd3 d5 18. Bxf5 Nd6 19. Bc2 Qb6+ 20. Qf2 Rae8 $1 21. Qxb6 Nxb6 22. a4 Nbc4 23. Na3 Nxa3 24. Rxa3 Nc4 25. Ra1 Ne3 26. Bxe3 $1 Rxe3 27. Re1 Rxe1+ 28. Rxe1 {aiming for Re7.} Rxf4 $14 {[%mdl 4096] Endgame KRB-KRB} 29. Re7 b5 30. Rxa7 bxa4 31. Bxa4 Bf8 {...Bc5+ is the strong threat.} 32. Ra8 c5 33. g3 Rf5 34. Bc2 Rf7 35. Rd8 Kg7 36. Rxd5 Rb7 37. b3 Be7 38. Kf2 c4 39. bxc4 Rb2 40. Rd2 Bg5 41. Re2 Bf6 (41... h6 {was worth a try.} 42. Ke1 Rb7) 42. Bxh7 $1 $18 Rxe2+ $2 (42... Rb3 43. Be4 Rxc3) 43. Kxe2 Kxh7 {KB-KP} 44. Kd3 {White mates.} Kg6 45. c5 Kf5 46. Kc4 Ke6 47. h4 Kd7 48. Kd5 Bxc3 {KB-K3P} 49. g4 Be1 50. h5 Bd2 51. Ke5 $1 {[%cal Re5f6]} Be3 52. Kf6 $1 Bd4+ 53. Kf7 $1 Be3 {[#]} 54. Kg7 $1 Bxc5 {[#] KB-KPP} 55. g5 $1 {[%cal Bg4g5,Bg5g6][%mdl 32]} Ke6 56. g6 Bd4+ 57. Kh7 Kf5 58. h6 {[%cal Bh5h6,Bh6g7][%mdl 32]} Bh8 59. g7 Bxg7 60. hxg7 {Precision: White = 81%, Black = 46%.} 1-0

[Event "Peace Tournament 2018"]
[Site "Zagreb"]
[Date "2018.11.14"]
[Round "3.5"]
[White "Zelcic, Robert"]
[Black "Palac, Mladen"]
[Result "1/2-1/2"]
[WhiteElo "2508"]
[BlackElo "2548"]
[Annotator "TA"]
[PlyCount "40"]
[EventDate "2018.11.12"]
[EventType "tourn"]
[EventCountry "CRO"]
[SourceTitle "playchess.com"]
[Source "ChessBase"]
[SourceQuality "1"]

{[%evp 39,40,0,15]} 1. e4 c5 2. Nf3 d6 3. d4 cxd4 4. Nxd4 Nf6 5. Nc3 a6 6. Be2 e6 7. O-O Qc7 8. f4 Nc6 9. Kh1 Be7 10. Be3 O-O 11. Qe1 Nxd4 12. Bxd4 b5 13. a3 Bb7 14. Qg3 Rad8 15. Rae1 Bc6 16. Bd3 {B85: Sicilian Scheveningen: 6 Be2 a6, lines with early Be3} Qd7 17. Nd1 Nh5 {[#]} 18. Qg4 $146 ({Predecessor:} 18. Qh3 Nxf4 19. Rxf4 e5 20. Rg4 exd4 21. e5 g6 {½-½ (78) Kravtsiv,M (2672)-Harikrishna,P (2744) Riadh 2017}) 18... Nf6 19. Qg3 Nh5 20. Qg4 Nf6 {LiveBook: 7 Games} 1/2-1/2

[Event "Peace Tournament 2018"]
[Site "Zagreb"]
[Date "2018.11.14"]
[Round "3.6"]
[White "Amin, Bassem"]
[Black "Saric, Ivan"]
[Result "1/2-1/2"]
[WhiteElo "2709"]
[BlackElo "2692"]
[Annotator "TA"]
[PlyCount "61"]
[EventDate "2018.11.12"]
[EventType "tourn"]
[EventCountry "CRO"]
[SourceTitle "playchess.com"]
[Source "ChessBase"]
[SourceQuality "1"]

{[%evp 13,61,0,8,0,0,0,0,-13,-13,-1,14,0,3,0,39,41,46,32,32,43,36,45,60,47,65,48,55,52,81,89,91,20,18,19,27,21,31,0,6,0,10,0,0,0,0,0,8,0,8,0]} 1. e4 c5 2. Nf3 d6 3. Bb5+ Nd7 4. O-O a6 5. Bd3 Ngf6 6. Re1 {B51: Sicilian: Moscow Variation (3 Bb5+) without 3...Bd7} e6 7. a4 b6 {LiveBook: 17 Games} 8. b3 $146 ({Predecessor:} 8. c3 Bb7 9. Qe2 Qc7 10. Na3 Be7 11. Bc2 Rc8 12. d3 O-O {1-0 (56) Svidler,P (2753)-Georgiadis,N (2526) Biel 2018}) 8... Bb7 9. Bb2 Be7 10. Na3 {[%cal Bb1a3,Ba3c4,Bc4e3,Be3g4][%mdl 32]} O-O 11. e5 Ne8 12. Nc4 d5 13. Ne3 f5 14. exf6 Bxf6 15. Bxf6 Qxf6 16. Ng4 $36 {[%mdl 2048] White is more active.} Qf4 17. h3 Nef6 18. Qe2 ({Much worse is} 18. Rxe6 Nxg4 19. hxg4 Qxg4 $15) 18... Ne4 19. Qe3 Qxe3 20. Rxe3 h5 21. Nge5 Nxe5 22. Bxe4 (22. Nxe5 $16 {Black must now prevent f3.} Rad8 23. f3) 22... dxe4 $11 23. Nxe5 Rad8 24. Re2 Bd5 25. Rb1 b5 {The position is equal.} 26. axb5 axb5 27. c4 Rf5 28. Ng6 {[#] Hoping for Ne7+.} Rf6 29. Ne5 Rf5 30. Ng6 {aiming for Ne7+.} Rf6 31. Ne5 {Precision: White = 49%, Black = 84%.} 1/2-1/2